Statystyki dla Quiz o symbolach i kształtach

Kliknij tutaj aby rozwiązać quiz!

Ogólne statystyki

  • Ten quiz został rozwiązany 217 razy
  • Średni wynik to 11 z 20

Statystyki odpowiedzi

Odpowiedź% Poprawnych
Serce
96%
Pi
87%
Trapez
83%
Nieskończoność
79%
Ośmiokąt
77%
Sześciokąt
77%
Podkowa
74%
Gwiazda Dawida
72%
Ichthys (ryba)
72%
Venus
68%
Sierp i młot
55%
Półksiężyc
51%
Yin Yang
36%
Liść klonowy
34%
Radioaktywność
30%
{Dwunasto}ścian
27%
Czaszka i skrzyżowane piszczele
19%
Anch
6%
Kaduceusz
4%
Fleur-de-lis
2%

Rozkład punktacji

Percentyl według liczby udzielonych odpowiedzi

Procent ludzi z każdym wynikiem

Twoja historia wyników

Nie rozwiązałeś tego quizu